| 000 | 00610cam a22002411 4500 | ||
|---|---|---|---|
| 001 | sa 68015258 | ||
| 003 | DLC | ||
| 005 | 20260227112642.0 | ||
| 008 | 890814s1967 pk ah b 000 0 urdr | ||
| 010 | _asa 68015258 | ||
| 035 | _a(OCoLC)20174314 | ||
| 040 |
_aDLC _cWaU _dDLC |
||
| 042 | _apremarc | ||
| 043 | _aa-pk--- | ||
| 050 | 0 | 0 |
_aDS486.U25 _bS47 |
| 100 | 1 | _aShahāb, Masʻūd Ḥasan. | |
| 245 | 1 | 0 | _aK̲h̲it̲t̲ah-yi pāk, ūc. |
| 260 |
_aBahawalpur, _c[1967] |
||
| 300 |
_a443 p. _billus., facsims. _c22 cm. |
||
| 500 | _aIn Urdu. | ||
| 504 | _aBibliography: p. 413-417. | ||
| 651 | 0 | _aUch. | |
| 999 |
_c86347 _d86347 |
||